[Event "76th ch-BUL SF 2012"]
[Site "Plovdiv BUL"]
[Date "2012.02.08"]
[Round "4"]
[White "Janchev,P"]
[Black "Kolev,H"]
[Result "1-0"]
[WhiteElo "2118"]
[BlackElo "1798"]
[WhiteFideId "2903016"]
[BlackFideId "2903849"]
[EventDate "2012.02.06"]

1. d4 Nf6 2. Nf3 g6 3. g3 Bg7 4. Bg2 O-O 5. O-O d6 6. c4 c6 7. Nc3 Qa5 8. h3 Be6
9. Qd3 Qa6 10. b3 d5 11. Ne5 Nfd7 12. cxd5 Qxd3 13. Nxd3 Bxd4 14. Bb2 Bxc3 15.
dxe6 Bxb2 16. exf7+ Kxf7 17. Nxb2 Na6 18. Rad1 Nf6 19. Nd3 e6 20. Rc1 Rfd8 21.
Rc4 Ke7 22. Rfc1 Nc7 23. f4 Rd6 24. a4 Nfd5 25. Kf2 a5 26. Bf3 Na6 27. h4 Ndb4
28. Ne5 Rad8 29. h5 Kf6 30. hxg6 hxg6 31. Rh1 Rd2 32. Rh7 Rf8 33. Ng4+ 1-0

[Event "76th ch-BUL SF 2012"]
[Site "Plovdiv BUL"]
[Date "2012.02.08"]
[Round "4"]
[White "Roydov,P"]
[Black "Ruschukov,Boyan"]
[Result "0-1"]
[WhiteElo "1780"]
[BlackElo "1993"]
[WhiteFideId "2908654"]
[BlackFideId "2911795"]
[EventDate "2012.02.06"]

1. d4 Nf6 2. c4 g6 3. Nc3 Bg7 4. e4 d6 5. Be2 O-O 6. Bg5 h6 7. Be3 c5 8. d5 e5
9. a3 Ne8 10. Qd2 Kh7 11. Nf3 f5 12. exf5 gxf5 13. g3 Nd7 14. Qc2 Kg8 15. Nh4
Qf6 16. Bh5 Nc7 17. Ng6 Rd8 18. Qd2 Nf8 19. Nxf8 Rxf8 20. Qc2 f4 21. Ne4 Qf5 22.
g4 Qh7 23. Bd2 Rd8 24. O-O-O a5 25. a4 b6 26. f3 Na6 27. Be1 Nb4 28. Qf2 Ba6 29.
b3 Rd7 30. Bxb4 axb4 31. Kb2 Kh8 32. h4 Rf8 33. g5 Rdd8 34. g6 Qg8 35. Ng5 e4+
36. Ka2 e3 37. Qc2 Rd7 38. Nf7+ Rfxf7 39. gxf7 Rxf7 40. Bxf7 Qxf7 41. h5 Qf6 42.
Rhg1 Qe5 43. Rg6 Bc8 44. Rxg7 Qxg7 45. Qe4 Qf7 46. Qc2 Qxh5 47. Qg2 Kh7 48. Rh1
Qg6 49. Qh2 Qf6 50. Qh5 Bd7 51. Qh4 Qxh4 52. Rxh4 e2 53. Rh1 Bg4 54. Kb2 Bxf3
55. Re1 Bg4 56. Kc2 f3 0-1

[Event "76th ch-BUL SF 2012"]
[Site "Plovdiv BUL"]
[Date "2012.02.08"]
[Round "4"]
[White "Ljangov,P"]
[Black "Stankov,A"]
[Result "1/2-1/2"]
[WhiteElo "2101"]
[BlackElo "1916"]
[WhiteFideId "2901277"]
[BlackFideId "2904152"]
[EventDate "2012.02.06"]

1. e4 d6 2. d4 g6 3. Nc3 Nf6 4. g3 Bg7 5. Bg2 O-O 6. Nge2 e5 7. O-O exd4 8. Nxd4
Re8 9. h3 Nbd7 10. Re1 Nc5 11. Rb1 a5 12. b3 Bd7 13. a4 Rb8 14. Ba3 b6 15. Qd2
h6 16. Rbd1 Nh5 17. Nde2 Nf6 18. Nd4 Kh7 19. Re2 Qe7 20. Nd5 Nxd5 21. exd5 Qg5
22. Qxg5 hxg5 23. Rxe8 Rxe8 24. Nf3 g4 25. hxg4 Bxg4 26. Re1 Rxe1+ 27. Nxe1 Bd1
28. Bxc5 dxc5 29. Be4 Bd4 30. Kf1 Bc3 31. Bf3 Bxe1 32. Bxd1 Bc3 33. Ke2 g5 34.
Kd3 Be1 35. Ke2 Bc3 36. g4 Kg6 37. Kd3 Be1 38. f3 Kf6 39. Ke4 Bd2 40. Be2 Be1
41. Ba6 Bd2 42. Bc8 Be1 43. Bf5 Bd2 44. Kd3 Be1 45. Ke4 Bd2 46. Bd7 Ke7 47. Bb5
Kf6 48. Bd7 Ke7 49. Bc8 Kf6 50. Ba6 Be1 51. Bb5 Bd2 1/2-1/2

[Event "76th ch-BUL SF 2012"]
[Site "Plovdiv BUL"]
[Date "2012.02.09"]
[Round "5"]
[White "Pantev,V"]
[Black "Enchev,I"]
[Result "1/2-1/2"]
[WhiteTitle "FM"]
[BlackTitle "IM"]
[WhiteElo "2389"]
[BlackElo "2430"]
[WhiteFideId "2901390"]
[BlackFideId "2907712"]
[EventDate "2012.02.06"]

1. e4 e5 2. Nf3 Nf6 3. Nxe5 d6 4. Nf3 Nxe4 5. Qe2 Qe7 6. d3 Nf6 7. Nc3 c6 8. Bg5
Qxe2+ 9. Bxe2 Be7 10. h3 h6 11. Bf4 Bf5 12. O-O-O Nbd7 13. d4 d5 14. Ne5 O-O 15.
Nxd7 Nxd7 16. Bd3 Bxd3 17. Rxd3 Rfe8 18. Re1 Bg5 19. Rxe8+ Rxe8 20. Bxg5 hxg5
21. Kd2 f6 22. Re3 Kf8 23. b3 Nb6 24. Nd1 Nc8 25. Rxe8+ Kxe8 26. Ne3 Kf7 27. c3
Ke6 28. Kd3 Nd6 29. f3 Nf5 30. Nxf5 Kxf5 31. Ke3 Ke6 32. g4 b5 33. b4 Ke7 34. a3
Kf7 35. Kf2 g6 36. Ke2 f5 37. Kd2 f4 38. Kc2 Ke7 39. Kb3 Ke6 40. a4 a6 41. axb5
axb5 42. Kc2 1/2-1/2

[Event "76th ch-BUL SF 2012"]
[Site "Plovdiv BUL"]
[Date "2012.02.09"]
[Round "5"]
[White "Arnaudov,G"]
[Black "Marholev,D"]
[Result "1/2-1/2"]
[WhiteTitle "IM"]
[BlackTitle "IM"]
[WhiteElo "2473"]
[BlackElo "2370"]
[WhiteFideId "2907127"]
[BlackFideId "2901340"]
[EventDate "2012.02.06"]

1. Nf3 Nf6 2. c4 e6 3. g3 b6 4. Bg2 Bb7 5. O-O c5 6. Nc3 Nc6 7. d4 Nxd4 8. Nxd4
Bxg2 9. Kxg2 cxd4 10. Qxd4 Qc7 11. e4 Bc5 12. Qd3 a6 13. f3 Be7 14. Bf4 d6 15.
Rfd1 Rd8 16. Rac1 Qb7 17. Qe2 O-O 18. Rd2 Rd7 19. Rcd1 Rfd8 20. Rd3 b5 21. cxb5
axb5 22. R3d2 b4 23. Nb5 e5 24. Bg5 d5 25. Bxf6 Bxf6 26. exd5 Rxd5 27. Rxd5 Rxd5
28. Nd6 Qc6 29. Rxd5 Qxd5 30. Nc4 h5 31. Qe4 Qd1 32. h4 g6 33. b3 Bg7 34. Qe3
Qb1 35. Qe2 e4 36. fxe4 Bd4 37. e5 Qg1+ 38. Kf3 Qh1+ 39. Qg2 Qd1+ 40. Qe2 Qh1+
41. Kf4 Qb1 42. Nd6 Qc1+ 43. Kf3 Qh1+ 44. Qg2 Qd1+ 45. Ke4 Qg4+ 46. Kd5 Bxe5 47.
Kxe5 Qe6+ 48. Kd4 Qxd6+ 49. Kc4 Kg7 50. Qf2 f5 51. Qf4 Qe7 52. Kb5 Qe1 53. Ka4
Kf6 54. Qd6+ Kf7 55. Qf4 Ke6 56. a3 bxa3 57. Kxa3 Qe5 58. Qf2 Kd5 59. b4 Kc6 60.
Qf3+ Kb6 61. Qf2+ Kb5 62. Qf1+ Kb6 63. Qd3 Qa1+ 64. Kb3 Qe5 65. Qd8+ Kc6 66.
Qa8+ Kd7 67. Qb7+ Kd8 68. Qb6+ Kd7 69. Qxg6 Qd5+ 70. Kc3 Qf3+ 71. Kc4 Qe4+ 72.
Kc5 Qe5+ 73. Kb6 Qd4+ 74. Ka5 Qa1+ 75. Kb5 Qe5+ 76. Ka6 Qa1+ 77. Kb7 Qh1+ 78.
Kb6 Qg1+ 79. Kb5 Qf1+ 80. Kc5 Qf2+ 81. Kd5 Qd2+ 82. Ke5 Qxb4 83. Kxf5 Qc5+ 84.
Kf4 Qc4+ 85. Kf3 Qf1+ 86. Ke3 Qe1+ 87. Kd4 Qa1+ 88. Ke3 Qe1+ 89. Kf4 Qc1+ 90.
Kf5 Qc5+ 91. Kf6 Qe7+ 92. Kf5 Qc5+ 93. Kf4 Qc1+ 94. Kf3 Qf1+ 95. Ke3 Qc1+ 96.
Kf2 Qd2+ 97. Kf1 Qd1+ 98. Kf2 Qd2+ 99. Kf3 Qd1+ 100. Ke3 Qe1+ 101. Kf3 Qc3+ 102.
Ke2 Qb2+ 103. Kd1 Qd4+ 104. Kc2 Qf2+ 105. Kc3 Qc5+ 106. Kd3 Qd5+ 107. Ke3 Qe5+
108. Kd2 Qa5+ 109. Kd1 Qd5+ 110. Kc1 Qc5+ 111. Qc2 Qa3+ 112. Kd1 Qxg3 113. Qh7+
Ke6 114. Qh6+ Kf7 115. Qxh5+ Kg7 1/2-1/2

[Event "76th ch-BUL SF 2012"]
[Site "Plovdiv BUL"]
[Date "2012.02.09"]
[Round "5"]
[White "Milchev,N"]
[Black "Janev,E"]
[Result "1/2-1/2"]
[WhiteTitle "IM"]
[BlackTitle "GM"]
[WhiteElo "2434"]
[BlackElo "2503"]
[WhiteFideId "2906090"]
[BlackFideId "2900360"]
[EventDate "2012.02.06"]

1. d4 d6 2. Nf3 Nf6 3. c4 g6 4. Nc3 Bg7 5. e4 O-O 6. h3 e5 7. dxe5 dxe5 8. Be3
Na6 9. a3 b6 10. Qc2 Qe8 11. Be2 Bb7 12. Rd1 Nh5 13. O-O Nf4 14. Nd5 Nxe2+ 15.
Qxe2 c6 16. Nc3 Qe7 17. Rd2 Rfd8 18. Rfd1 Nc7 19. c5 b5 20. Rd6 Ne8 21. R6d2 Nc7
22. Rd6 Ne8 23. R6d2 Nc7 24. Rd6 Ne8 25. R6d2 1/2-1/2

[Event "76th ch-BUL SF 2012"]
[Site "Plovdiv BUL"]
[Date "2012.02.09"]
[Round "5"]
[White "Kukov,V"]
[Black "Genov,Peta"]
[Result "1/2-1/2"]
[WhiteTitle "IM"]
[BlackTitle "GM"]
[WhiteElo "2414"]
[BlackElo "2463"]
[WhiteFideId "2906139"]
[BlackFideId "2900211"]
[EventDate "2012.02.06"]

1. d4 Nf6 2. Bg5 e6 3. e4 h6 4. Bxf6 Qxf6 5. c3 d6 6. Bd3 g6 7. Ne2 Bg7 8. O-O
e5 9. f4 Qe7 10. Nd2 O-O 11. Nf3 Bg4 12. Qb3 b6 13. h3 Bxf3 14. Rxf3 Nd7 15.
fxe5 dxe5 16. Raf1 Nf6 17. Ng3 Rad8 18. d5 h5 19. Qb4 Rd6 20. c4 Nd7 21. Qa4 Nc5
22. Qb4 Nd7 23. Qa4 Nc5 24. Qb4 Nd7 25. Qa4 Nc5 1/2-1/2

[Event "76th ch-BUL SF 2012"]
[Site "Plovdiv BUL"]
[Date "2012.02.09"]
[Round "5"]
[White "Vutov,M"]
[Black "Janchev,P"]
[Result "1-0"]
[WhiteElo "2352"]
[BlackElo "2118"]
[WhiteFideId "2903431"]
[BlackFideId "2903016"]
[EventDate "2012.02.06"]

1. e4 e5 2. Nf3 Nc6 3. Bb5 a6 4. Ba4 d6 5. c4 Bd7 6. Nc3 g6 7. d4 Bg7 8. Bg5 f6
9. Be3 Nh6 10. dxe5 Nxe5 11. Nxe5 dxe5 12. Nd5 Nf7 13. Bc5 Bxa4 14. Qxa4+ c6 15.
Bb6 Qc8 16. Nc7+ Kf8 17. Qa3+ Kg8 18. Nxa8 Qxa8 19. Qe7 Qf8 20. Qxf8+ Bxf8 21.
O-O-O Nd6 22. Rxd6 Bxd6 23. Rd1 Be7 24. Rd7 Kf8 25. Rxb7 f5 26. Kc2 fxe4 27. Kb3
h5 28. Rb8+ Kg7 29. Rxh8 Kxh8 30. Ka4 Bg5 31. Ka5 Bc1 32. Kxa6 Bxb2 33. Be3 Ba3
34. Kb6 1-0

[Event "76th ch-BUL SF 2012"]
[Site "Plovdiv BUL"]
[Date "2012.02.09"]
[Round "5"]
[White "Dobrev,Nay"]
[Black "Dimitrov,De"]
[Result "1-0"]
[WhiteElo "2256"]
[BlackElo "2104"]
[WhiteFideId "2902419"]
[BlackFideId "2911000"]
[EventDate "2012.02.06"]

1. d4 e6 2. c4 Nf6 3. a3 d5 4. Nc3 Be7 5. Bf4 O-O 6. e3 a6 7. c5 Nbd7 8. Bd3 c6
9. b4 b6 10. Nf3 a5 11. O-O Ba6 12. Bxa6 Rxa6 13. b5 cxb5 14. c6 b4 15. axb4
Bxb4 16. Na2 Be7 17. cxd7 Qxd7 18. Qd3 Raa8 19. Rfb1 Bd8 20. Nc3 Bc7 21. Ne5 Qc8
22. Na4 Qb7 23. Qb5 Rab8 24. Nc5 Qc8 25. Na6 Rb7 26. Nxc7 Rxc7 27. Qxb6 Rc2 28.
Nd3 Ne4 29. Rc1 Qc3 30. Rxc2 Qxc2 31. Qb1 Qd2 32. Qd1 Qc3 33. Rc1 Qa3 34. h3 Nc3
35. Qd2 Rc8 36. Kh2 h6 37. f3 a4 38. Bg3 Rc4 39. Nb2 Rc8 40. Nd1 Qb3 41. Rxc3 1-0

[Event "76th ch-BUL SF 2012"]
[Site "Plovdiv BUL"]
[Date "2012.02.09"]
[Round "5"]
[White "Andreev,Sa"]
[Black "Pantev,T"]
[Result "1/2-1/2"]
[WhiteElo "2201"]
[BlackElo "1863"]
[WhiteFideId "2911019"]
[BlackFideId "2911310"]
[EventDate "2012.02.06"]

1. e4 c6 2. d4 g6 3. h3 d5 4. e5 Bg7 5. Nf3 Na6 6. Be2 Nh6 7. O-O Nc7 8. Bd2 f6
9. exf6 exf6 10. Bb4 Kf7 11. c4 Re8 12. b3 Kg8 13. Nc3 Be6 14. Na4 b6 15. Rc1
Nf7 16. Bd2 Bc8 17. Re1 Ne6 18. cxd5 cxd5 19. Bb5 Bd7 20. Ba6 Bc8 21. Bb5 Bd7
22. Ba6 Bc8 23. Bb5 1/2-1/2

[Event "76th ch-BUL SF 2012"]
[Site "Plovdiv BUL"]
[Date "2012.02.09"]
[Round "5"]
[White "Janachkov,A"]
[Black "Nikolov,J"]
[Result "1/2-1/2"]
[WhiteElo "2212"]
[BlackElo "2097"]
[WhiteFideId "2901145"]
[BlackFideId "2906112"]
[EventDate "2012.02.06"]

1. Nf3 d5 2. d4 c6 3. c4 Nf6 4. e3 e6 5. Nbd2 Nbd7 6. Bd3 Bd6 7. O-O O-O 8. e4
dxe4 9. Nxe4 Nxe4 10. Bxe4 Nf6 11. Bc2 c5 12. Bg5 h6 13. Bh4 cxd4 14. Qd3 g6 15.
Nxd4 g5 16. Bg3 Re8 17. Qc3 Bxg3 18. hxg3 Bd7 19. Nf3 Rc8 20. Rad1 Qe7 21. Ne5
Red8 22. Qe3 a6 23. Rd2 Be8 24. Rfd1 Rxd2 25. Rxd2 Rd8 26. Rxd8 Qxd8 27. a3 Qc7
28. b4 Qd6 29. f4 Nd7 30. Nxd7 Bxd7 31. fxg5 hxg5 32. Qxg5+ Kf8 33. Qd8+ Kg7 34.
Qg5+ Kf8 35. Qh6+ Ke7 36. Qg5+ Kf8 37. Qe3 Bc6 38. Qh6+ Ke8 39. Qe3 Ke7 40. Qg5+
Kf8 41. Qf4 e5 42. Qe3 Qe6 43. Bb3 Qf5 44. b5 Qb1+ 45. Kh2 Qh7+ 46. Kg1 Qb1+ 1/2-1/2

[Event "76th ch-BUL SF 2012"]
[Site "Plovdiv BUL"]
[Date "2012.02.09"]
[Round "5"]
[White "Ruschukov,Boyan"]
[Black "Yordanova,S"]
[Result "1-0"]
[BlackTitle "WIM"]
[WhiteElo "1993"]
[BlackElo "2143"]
[WhiteFideId "2911795"]
[BlackFideId "2905108"]
[EventDate "2012.02.06"]

1. d4 e6 2. c4 b6 3. e4 Bb7 4. d5 Bb4+ 5. Bd2 Bxd2+ 6. Qxd2 Nh6 7. Nc3 O-O 8.
O-O-O d6 9. f4 Qe7 10. Nf3 Na6 11. Bd3 Nc5 12. Bb1 a5 13. b3 f5 14. Ng5 e5 15.
exf5 Nxf5 16. Nxh7 Nd4 17. Kb2 Rxf4 18. g3 a4 19. gxf4 a3+ 20. Ka1 Ncxb3+ 21.
axb3 Nxb3+ 22. Ka2 Nxd2 23. Rxd2 Ba6 24. Kb3 exf4 25. Re2 Qh4 26. Bd3 f3 27. Ra2
Bxc4+ 28. Bxc4 Kxh7 29. Bd3+ Kg8 30. Rf1 Rf8 31. Raf2 a2 32. Nxa2 b5 33. Bxb5
Qe4 34. Nc3 Qe3 35. Bd7 Rf4 36. Be6+ Kh8 37. h3 g5 38. Bg4 Qd3 39. Rxf3 Qc4+ 40.
Kc2 Kg7 41. Rxf4 gxf4 42. Be2 Qd4 43. h4 Kh6 44. h5 Qe3 45. Rf3 Qd4 46. Rd3 Qc5
47. Rf3 Qd4 48. Nb5 Qe4+ 49. Kd2 Qxd5+ 50. Ke1 Qc5 51. Rc3 Qb4 52. Kf2 c5 53.
Rd3 c4 54. Rxd6+ Kh7 55. Rd7+ Kh6 56. Rd6+ Kh7 57. Rd7+ Kh6 58. Nd4 Qc5 59. Kf3
Qxh5+ 60. Kxf4 Qh2+ 61. Ke4 Qh4+ 62. Ke5 Qh2+ 63. Kd5 c3 64. Bd3 Qg2+ 65. Be4
Qg8+ 66. Ne6 Qa8+ 67. Ke5 Qh8+ 68. Kf5 Qg8 69. Kf6 c2 70. Bxc2 Qh8+ 71. Kf5 Qa8
72. Be4 Qa1 73. Nf4 Qa5+ 74. Nd5 Qc5 75. Rc7 Qd6 76. Rb7 Qg6+ 77. Ke5 Qe8+ 78.
Kf4 Qf8+ 79. Bf5 Qd6+ 80. Kg4 Qc7 81. Nxc7 1-0

[Event "76th ch-BUL SF 2012"]
[Site "Plovdiv BUL"]
[Date "2012.02.09"]
[Round "5"]
[White "Asparuhov,P"]
[Black "Slavov,H"]
[Result "0-1"]
[WhiteElo "2103"]
[BlackElo "1791"]
[WhiteFideId "2905647"]
[BlackFideId "2911345"]
[EventDate "2012.02.06"]

1. e4 Nf6 2. e5 Nd5 3. d4 d6 4. Nf3 Nb6 5. c4 Nc6 6. exd6 cxd6 7. d5 Ne5 8. b3
g6 9. Nxe5 dxe5 10. Bb2 Bg7 11. Be2 O-O 12. O-O e6 13. d6 f5 14. c5 Nd5 15. Bc4
Nf4 16. Kh1 Bd7 17. f3 Qa5 18. Ba3 e4 19. b4 Qd8 20. Qd2 Nxg2 21. Nc3 exf3 22.
Rxf3 Nh4 23. Rf2 Bc6+ 24. Kg1 Qf6 25. Bb2 Nf3+ 26. Rxf3 Bxf3 27. Na4 Qh4 28.
Bxe6+ Kh8 29. Bxg7+ Kxg7 30. Qc3+ Rf6 31. Qxf3 Qd4+ 32. Kg2 Qxa1 33. Qxb7+ Kh6
34. Qd5 Qe1 35. Bd7 Raf8 36. Qf3 g5 37. Nc3 Qd2+ 38. Kf1 g4 39. Qg3 Qc1+ 40. Kf2
f4 41. Qh4+ Kg7 42. Qg5+ Kh8 43. Qe5 g3+ 44. hxg3 fxg3+ 45. Kxg3 Rg8+ 0-1

[Event "76th ch-BUL SF 2012"]
[Site "Plovdiv BUL"]
[Date "2012.02.09"]
[Round "5"]
[White "Stankov,A"]
[Black "Ibryamov,Ilhan"]
[Result "0-1"]
[WhiteElo "1916"]
[BlackElo "2115"]
[WhiteFideId "2904152"]
[BlackFideId "2918854"]
[EventDate "2012.02.06"]

1. e4 e5 2. Nf3 Nc6 3. Bb5 a6 4. Bxc6 dxc6 5. O-O Bd6 6. d4 Qe7 7. dxe5 Bxe5 8.
Nxe5 Qxe5 9. Bd2 f6 10. Bc3 Qe7 11. Re1 Be6 12. e5 f5 13. a4 Nh6 14. Qh5+ Nf7
15. Nd2 g6 16. Qe2 O-O-O 17. b4 Rd5 18. Nb3 f4 19. Nc5 Ng5 20. Ne4 f3 21. gxf3
Nh3+ 22. Kh1 Qh4 23. Qe3 Kb8 24. Rf1 Rf8 25. Nf6 Nf4 26. Bd2 g5 27. Rg1 Rfd8 28.
Nxd5 Bxd5 29. Rg3 Rf8 30. Rag1 Nh3 31. R1g2 h5 32. c4 Qxc4 33. Qc5 Qf1+ 34. Rg1
Bxf3+ 0-1

[Event "76th ch-BUL SF 2012"]
[Site "Plovdiv BUL"]
[Date "2012.02.09"]
[Round "5"]
[White "Kolev,H"]
[Black "Roydov,P"]
[Result "1-0"]
[WhiteElo "1798"]
[BlackElo "1780"]
[WhiteFideId "2903849"]
[BlackFideId "2908654"]
[EventDate "2012.02.06"]

1. e4 e5 2. Nf3 Nc6 3. Bc4 Bc5 4. b4 Bxb4 5. c3 Bd6 6. O-O Nf6 7. d4 h6 8. Nxe5
Bxe5 9. dxe5 Nxe5 10. Bb3 Qe7 11. f4 Qc5+ 12. Kh1 Neg4 13. e5 Ne4 14. Qxg4 Nf2+
15. Rxf2 Qxf2 16. Qd1 d6 17. exd6 O-O 18. Qg1 Qh4 19. dxc7 Re8 20. Be3 Bd7 21.
Bd5 Rxe3 22. Qxe3 Re8 23. c8=Q Rxc8 24. Nd2 Re8 25. Qg3 Qh5 26. c4 Qe2 27. Nf3
Qb2 28. Re1 Rxe1+ 29. Qxe1 Qxa2 30. h3 b5 31. Qe7 Qb1+ 32. Kh2 Qf5 33. Qe5 Qd3
34. Qb8+ Kh7 35. Bxf7 1-0

[Event "76th ch-BUL SF 2012"]
[Site "Plovdiv BUL"]
[Date "2012.02.09"]
[Round "5"]
[White "Ljangov,P"]
[Black "Mogilarov,D"]
[Result "1-0"]
[WhiteElo "2101"]
[BlackElo "2189"]
[WhiteFideId "2901277"]
[BlackFideId "2905248"]
[EventDate "2012.02.06"]

1. e4 e5 2. Nf3 f5 3. Nxe5 Qf6 4. d4 d6 5. Nc4 fxe4 6. Nc3 Qg6 7. Qe2 Nf6 8. f3
d5 9. Ne5 Qf5 10. Nxd5 exf3 11. Nxf3+ Kd8 12. Ne3 Qe6 13. Nc4 Qd5 14. Nce5 Be6
15. Bd2 Kc8 16. Ng5 Bd6 17. Qc4 Bxe5 18. Qxd5 Bxd5 19. dxe5 Re8 20. O-O-O Rxe5
21. Re1 Rxe1+ 22. Bxe1 Nc6 23. c4 Bg8 24. Bc3 h6 25. Nf3 Kd7 26. Bd3 Re8 27. Rd1
Kc8 28. b3 Be6 29. Bg6 Re7 30. Re1 Kd7 31. h3 Bf7 32. Bf5+ Be6 33. Rd1+ Ke8 34.
Bg6+ Bf7 35. Bxf6 gxf6 36. Bxf7+ Kxf7 37. Re1 Rxe1+ 38. Nxe1 Ke6 39. Kd2 Kf5 40.
Ke3 h5 41. g3 Ne5 42. Ng2 c5 43. Nf4 Nc6 44. Nxh5 Nb4 45. a4 Nc2+ 46. Kd3 Ne1+
47. Kc3 Nf3 48. Ng7+ Kg6 49. Ne6 b6 50. Kd3 Ne5+ 51. Ke4 Nc6 52. Nf4+ Kh6 53.
Nd3 a5 54. Nf4 Nd4 55. Nd5 Kg5 56. Nxb6 Nxb3 57. Kd5 f5 58. Nd7 Nd4 59. Nxc5 Ne2
60. Ke5 Nxg3 61. Ne6+ Kg6 62. c5 Kf7 63. Nd4 Ne4 64. c6 Ke8 65. Nxf5 Nc5 66. Kd6
Nxa4 67. c7 Nb6 68. Kc6 Nc8 69. Nd6+ 1-0

[Event "76th ch-BUL SF 2012"]
[Site "Plovdiv BUL"]
[Date "2012.02.09"]
[Round "6"]
[White "Enchev,I"]
[Black "Marholev,D"]
[Result "1/2-1/2"]
[WhiteTitle "IM"]
[BlackTitle "IM"]
[WhiteElo "2430"]
[BlackElo "2370"]
[WhiteFideId "2907712"]
[BlackFideId "2901340"]
[EventDate "2012.02.06"]

1. e4 e5 2. Nf3 Nc6 3. Bb5 a6 4. Bxc6 dxc6 5. d4 exd4 6. Qxd4 Qxd4 7. Nxd4 Bd7
8. Nc3 O-O-O 9. Be3 c5 10. Nde2 Bd6 11. O-O-O Ne7 12. Bf4 Bxf4+ 13. Nxf4 Rde8
14. Rhe1 Bc6 15. Ncd5 Nxd5 16. exd5 Bd7 17. h4 g6 18. c4 b6 19. f3 h5 20. Kd2
Kd8 21. Kc3 Rxe1 22. Rxe1 Bf5 23. Nd3 Bxd3 24. Kxd3 Kd7 25. a3 a5 26. a4 Kd6 27.
Re3 Rd8 28. b3 Rg8 29. f4 Rd8 30. Ke2 Rd7 31. Kf3 Rd8 32. Re1 Rg8 33. g3 Kd7 34.
Re5 Kd6 35. Ke4 f5+ 36. Kf3 Kd7 37. Re6 Rg7 38. Rc6 Rg8 39. Rf6 Rg7 40. Re6 Rg8
41. Re2 Re8 1/2-1/2

[Event "76th ch-BUL SF 2012"]
[Site "Plovdiv BUL"]
[Date "2012.02.09"]
[Round "6"]
[White "Galunov,T"]
[Black "Pantev,V"]
[Result "1/2-1/2"]
[WhiteTitle "FM"]
[BlackTitle "FM"]
[WhiteElo "2320"]
[BlackElo "2389"]
[WhiteFideId "2900874"]
[BlackFideId "2901390"]
[EventDate "2012.02.06"]

1. d4 Nf6 2. c4 g6 3. Nc3 Bg7 4. e4 d6 5. Nf3 O-O 6. Be2 e5 7. O-O Nc6 8. d5 Ne7
9. Ne1 Nd7 10. Nd3 f5 11. f3 Nf6 12. g4 f4 13. h4 h5 14. g5 Nh7 15. Bd2 Nxg5 16.
hxg5 Nxd5 17. cxd5 Qxg5+ 18. Kh1 Qh4+ 19. Kg1 Qg3+ 20. Kh1 Qh3+ 21. Kg1 Qg3+ 22.
Kh1 Qh3+ 23. Kg1 Qg3+ 1/2-1/2

[Event "76th ch-BUL SF 2012"]
[Site "Plovdiv BUL"]
[Date "2012.02.09"]
[Round "6"]
[White "Janev,E"]
[Black "Arnaudov,G"]
[Result "0-1"]
[WhiteTitle "GM"]
[BlackTitle "IM"]
[WhiteElo "2503"]
[BlackElo "2473"]
[WhiteFideId "2900360"]
[BlackFideId "2907127"]
[EventDate "2012.02.06"]

1. e4 e5 2. Nf3 Nc6 3. Bc4 Bc5 4. d3 Nf6 5. Nc3 h6 6. a3 d6 7. Na4 Bb6 8. Nxb6
axb6 9. h3 Be6 10. Bxe6 fxe6 11. Qe2 Qd7 12. c3 Qf7 13. Be3 Nh5 14. g3 O-O 15.
Nh2 d5 16. O-O Rad8 17. Rad1 Nf4 18. gxf4 exf4 19. Bc1 f3 20. Nxf3 Qxf3 21. Qxf3
Rxf3 22. Kg2 Rdf8 23. exd5 exd5 24. d4 Ne7 25. Rde1 Ng6 26. Re3 R3f6 27. Kg3 b5
28. Rd3 Ne7 29. h4 Nf5+ 30. Kh3 Nd6 31. f3 c6 32. Kg2 Nf5 33. Kh3 Re6 34. Bf4
Nxh4 35. Bg3 Ng6 36. Rd2 Nf4+ 37. Bxf4 Rxf4 38. Kg3 g5 39. Rdf2 Re3 40. Kg2 Kg7
41. Rd1 h5 42. Rh1 Kg6 43. Ra1 Kf5 44. Rh1 h4 45. Rhf1 Kg6 46. Kh2 Rf6 47. Kh3
Kh5 48. Kg2 Rfe6 49. Rd2 Re2+ 50. Rf2 Rxd2 51. Rxd2 Kg6 52. Kf2 Kf5 53. Rd1 Re7
54. Rg1 Rh7 55. b3 Rh8 56. a4 bxa4 57. bxa4 Ra8 58. Rb1 Rxa4 59. Rxb7 Ra3 60.
Rf7+ Ke6 61. Rh7 Rxc3 62. Ke2 Kf6 63. Rh8 h3 64. Rh6+ Kf5 65. Rxh3 Kf4 66. Rh6
Re3+ 67. Kd2 Rxf3 68. Rxc6 Ke4 69. Rg6 Rf5 70. Kc3 Kf3 71. Re6 g4 72. Re5 Kf4
73. Re7 g3 0-1

[Event "76th ch-BUL SF 2012"]
[Site "Plovdiv BUL"]
[Date "2012.02.09"]
[Round "6"]
[White "Genov,Peta"]
[Black "Milchev,N"]
[Result "1/2-1/2"]
[WhiteTitle "GM"]
[BlackTitle "IM"]
[WhiteElo "2463"]
[BlackElo "2434"]
[WhiteFideId "2900211"]
[BlackFideId "2906090"]
[EventDate "2012.02.06"]

1. d4 Nf6 2. Nf3 g6 3. g3 Bg7 4. Bg2 O-O 5. O-O a6 6. Nbd2 d6 7. b3 b6 8. Bb2
Bb7 9. Re1 Nbd7 10. e4 e5 11. c4 Qe7 12. Qc2 c5 13. dxe5 dxe5 14. Nf1 Bh6 15.
Red1 Rad8 16. N1d2 Qe6 17. Nb1 b5 18. cxb5 axb5 19. Nc3 Qb6 20. a4 bxa4 21. Nxa4
Qc7 22. Nc3 Qb6 23. Na4 Qc7 24. Nc3 Qb6 25. Na4 Qc7 1/2-1/2

[Event "76th ch-BUL SF 2012"]
[Site "Plovdiv BUL"]
[Date "2012.02.09"]
[Round "6"]
[White "Nikolova,A"]
[Black "Kukov,V"]
[Result "1-0"]
[WhiteTitle "WGM"]
[BlackTitle "IM"]
[WhiteElo "2296"]
[BlackElo "2414"]
[WhiteFideId "2908689"]
[BlackFideId "2906139"]
[EventDate "2012.02.06"]

1. e4 c6 2. d4 d5 3. Nc3 dxe4 4. Nxe4 Bf5 5. Ng3 Bg6 6. h4 h6 7. Nf3 e6 8. Bd3
Bxd3 9. Qxd3 Nf6 10. Bd2 c5 11. Ne4 Nxe4 12. Qxe4 Nc6 13. dxc5 Bxc5 14. O-O-O
Qe7 15. Bc3 O-O 16. Kb1 Rad8 17. Rxd8 Rxd8 18. g4 Qd6 19. a3 Qd5 20. Qe2 b5 21.
Re1 b4 22. axb4 Bxb4 23. Qe4 Qb5 24. Bxb4 Nxb4 25. c3 Nd5 26. Qc2 Rc8 27. Nd4
Qc4 28. g5 Rb8 29. Rc1 e5 30. Nf5 hxg5 31. hxg5 Qf4 32. Ng3 Qxg5 33. Rh1 g6 34.
Rd1 Nf6 35. c4 Qf4 36. c5 e4 37. c6 Rc8 38. Rd4 Qe5 39. Qc3 Kg7 40. Ne2 Rc7 41.
b4 a6 42. Rc4 Qf5 43. Ng3 Qxf2 44. Nxe4 Qf1+ 45. Kb2 Qf4 46. Ka3 g5 47. Ng3 Qf2
48. Qe5 Kg6 49. Qxc7 Qf3+ 50. Kb2 Qf2+ 51. Ne2 Qxe2+ 52. Rc2 Qd3 53. Qe5 Nd5 54.
c7 Nb6 55. Rc6+ Kh5 56. Rxb6 Qd2+ 57. Kb3 Qd3+ 58. Qc3 Qd1+ 59. Ka3 1-0

[Event "76th ch-BUL SF 2012"]
[Site "Plovdiv BUL"]
[Date "2012.02.09"]
[Round "6"]
[White "Nikolov,Sas"]
[Black "Vutov,M"]
[Result "1-0"]
[WhiteTitle "IM"]
[WhiteElo "2407"]
[BlackElo "2352"]
[WhiteFideId "2900297"]
[BlackFideId "2903431"]
[EventDate "2012.02.06"]

1. d4 Nf6 2. c4 c5 3. d5 e5 4. Nc3 d6 5. e4 a6 6. h3 h5 7. f4 exf4 8. Bxf4 h4 9.
Be2 Nbd7 10. Qd2 Ne5 11. Nf3 Nfd7 12. O-O Be7 13. Nd1 Bf6 14. Ne3 Nxf3+ 15. Bxf3
Ne5 16. Kh1 O-O 17. Qe2 Qe7 18. Rae1 Bg5 19. Bg4 Bxg4 20. Nxg4 Bxf4 21. Rxf4 Ng6
22. Rf5 b5 23. e5 bxc4 24. Qxc4 Nxe5 25. Nxe5 dxe5 26. Rexe5 Qd6 27. Qxh4 g6 28.
Qh6 Rfd8 29. Re6 Qxe6 30. dxe6 gxf5 31. Qg5+ 1-0